000 00388nam a2200133Ia 4500
008 200619s9999 xx 000 0 und d
082 _a923.2SHA
100 _aShankar D. A.
245 0 _aCoolie (A Novel) by Mulk Raj Anand translated into Kannada
264 _aMysore
_bGeetha Book House
_c2002
300 _a286
942 _cIR
999 _c120027
_d120027